Keď najbohatšie krajiny rozhodovali o najchudobnejších

Bibliographic Details
Main Author: Kotúčková, Anna (Author)
Format: Article
Language:Slovak
PhysicalDescription:Fotogr.
ISSN:1335-468X
Subjects:

MARC

LEADER 00000nab a2200000 ar4500
001 vtls008409177
003 SK-MaSNL
005 20260303070124.0
008 051111c2005 xo wr|p|||||||000 b|slo
015 |a SNBRB2005/11  |2 snkbucl 
038 |a SNKBUCL 
040 |a SNKBUCL  |b slo  |c SNKBUCL  |e AACR2 
041 0 |a slo 
044 |a xo  |c SK 
080 |a 327:061.3  |2 UDC-MRF-SK2 
100 1 |a Kotúčková, Anna  |4 aut  |9 858178 
245 1 0 |a Keď najbohatšie krajiny rozhodovali o najchudobnejších  |c Anna Kotúčková 
300 |b Fotogr. 
610 2 7 |a G8  |x summit  |y júl 2005  |2 snkbucl  |9 1067105 
651 7 |a Gleneagles (Škótsko)  |2 snkbucl  |9 1067106 
773 0 |t Slovo. Spoločensko-politický týždenník  |g Roč. VII, č. 28 (2005), s. 6  |x 1335-468X 
852 |a SNK  |b KIS3GCP 
958 |a GB 
999 |c 1754034  |d 1755964